00230nam a2200085 4500999001900000082002100019245005800040260003700098300000900135 c524681d524681 aG1x54 In2m/2019  aMembers of seventeenth Loksabha: A brief introduction a2019bLoksabha Secretariatc2019 a332p